| 000 | 00700cab a2200193 4500 | ||
|---|---|---|---|
| 001 | ABS42690 | ||
| 008 | 090401t xxu||||| |||| 00| 0 eng d | ||
| 035 | _a(Sirsi) u38364 | ||
| 041 | _aeng | ||
| 245 | _aWaiting for the sunrise | ||
| 350 | _a0 | ||
| 490 |
_aEconomist _v315(7655) 19 May 143-148(4) |
||
| 520 | _aExamines current research into ways of generating electricity from the sun, mainly being carried out in the USA and considers the likelihood of solar power becoming an economically viable source of energy in the future. | ||
| 650 | _aALTERNATIVE SOURCES | ||
| 650 | _aENERGY CONSERVATION | ||
| 690 | _aENVIRONMENTAL AND LAND CONSULTANCY-ENERGY | ||
| 942 | _n0 | ||
| 948 | _c04/03/1997 | ||
| 999 |
_c24654 _d24654 |
||